[Event "Deltalift op"]
[Site "Halmstad"]
[Date "2013.05.11"]
[Round "8"]
[White "Silfverstroem, Niklas"]
[Black "Kallerholm, Per"]
[Result "1-0"]
[WhiteElo "2036"]
[BlackElo "1948"]
[PlyCount "65"]
[EventDate "2013.05.09"]
[EventType "swiss"]
[EventRounds "8"]
[EventCountry "SWE"]
[SourceTitle "CBM 154 Extra"]
[Source "ChessBase"]
[SourceDate "2013.06.25"]
[SourceVersion "2"]
[SourceVersionDate "2013.06.25"]
[SourceQuality "1"]

1. d4 e6 2. Nf3 f5 3. g3 Nf6 4. Bg2 Be7 5. 0-0 0-0 6. b3 Qe8 7. Ba3 Nc6 8. c4 Bxa3 9. Nxa3 d6 10. Rc1 a6 11. d5 Nd8 12. dxe6 Nxe6 13. e3 Kh8 14. Nc2 Qh5 15. Ncd4 Nc5 16. b4 Nce4 17. Nd2 Nxd2 18. Qxd2 Ng4 19. h4 Rb8 20. c5 dxc5 21. Rxc5 c6 22. Rfc1 Qg6 23. a4 Be6 24. b5 cxb5 25. axb5 Bg8 26. Qb2 a5 27. Rc7 Rf7 28. Qc3 a4 29. Qa3 Rxc7 30. Rxc7 Bb3 31. Nxb3 axb3 32. Qxb3 Qd6 33. Qc2 1-0

[Event "SWE-chC op"]
[Site "Lund"]
[Date "2010.07.08"]
[Round "6"]
[White "Reid, Gregor JM"]
[Black "Silfverstroem, Niklas"]
[Result "1-0"]
[WhiteElo "2121"]
[BlackElo "2016"]
[PlyCount "49"]
[EventDate "2010.07.03"]
[EventType "swiss"]
[EventRounds "9"]
[EventCountry "SWE"]
[SourceTitle "CBM 137 Extra"]
[Source "ChessBase"]
[SourceDate "2010.09.01"]
[SourceVersion "1"]
[SourceVersionDate "2010.09.01"]
[SourceQuality "1"]

1. Nf3 Nf6 2. g3 g6 3. Bg2 Bg7 4. 0-0 0-0 5. d3 d5 6. Nbd2 c5 7. e4 Nc6 8. h3 Qc7 9. Re1 Rd8 10. Qe2 e6 11. Nf1 Nd4 12. Nxd4 cxd4 13. e5 Nd7 14. Bf4 Nf8 15. Nh2 Qe7 16. Qd2 f6 17. exf6 Bxf6 18. Ng4 Re8 19. Nxf6+ Qxf6 20. Bxd5 Qd8 21. Bb3 b6 22. Be5 Qd7 23. Qf4 Rd8 24. Qf6 Bb7 25. Ba4 1-0